000 00590nam a2200193Ia 4500
003 GCL
008 140319s9999 xx 000 0 ara d
040 _aGCL /
_cGCL
082 0 4 _a813.01
_bى ر
100 1 _aيوسف ادريس
245 1 0 _aالروايات يوسف ادريس /
_cيوسف ادريس
260 _aالقاهرة :
_bدار الشروق ،
_c1987
300 _aمتعدد ؛
_c20 سم
490 _aالاعمال الكاملة
_v0
650 0 4 _aالادب العربى
650 0 4 _aالقصص العربية
650 0 4 _aالمجموعات
942 _2ddc
_cBK
999 _c30827
_d30827